000 00431cam a22001337a 4500
008 180718b1988 xxu||||| |||| 00| 0 eng d
020 _a8170740371
082 _aY15x5412 Is4
100 _aIslam, Sirajul
245 _aBengal land tenure: the origin and growth intermediate interests in the 19th century
_cby Sirajul Islam
260 _aCalcutta
_bK.P. Bagchi
_c1988
300 _a134p.
650 _aLand tenure - India - West Bengal
999 _c360071
_d360071